000 00778nas a2200265 4500
001 BR9204560
003 BR-BrBNA
005 20231205092740.0
007 ta
008 230509b bl.|||p| |||| 00| 00por d
040 _aBR-BrBNA
_bpor
_cBiblioteca Nacional de Agricultura
041 _a(Pt)
072 _aL70
100 1 _aFan, L.C.R.
100 1 _aMoreira, E. da C.
100 1 _aSchons, J.A.B.
100 1 _aPost, H.
245 1 _aAchados hematologicos da hematuria enzootica em bovinos
650 _aBOVINO
650 _aANALISE DE LABORATORIO
650 _aVETERINARIA
773 0 _tRevista do Centro de Ciencias Rurais (Brazil)
_xISSN 0085-5901
_g(Sep 1979), v. 9(3) p. 343-347
_wBR9204560
909 _a202311
_bLúcia
_c55
_dLúcia Elande
942 _2AGRIS
_n0
_cANA
999 _c133887
_d133887